000 00747nam a2200265 i 4500
001 C2-0324210
003 PPAK
005 20180728122616.0
008 131203s2013 my a|||| ||||| | may d
020 _a9789670129617
040 _aPPAK
_beng
_cPPAK
_erda
082 0 4 _a499.2386
_223
090 0 0 _a499.2386
_bAQI
_dK
100 0 _aAqiela Maysarah,
_eauthor
245 1 0 _aMemasak agar-agar
264 1 _aKuala Lumpur :
_bSemarak Murni ,
_c2013
300 _aii, 14 pages :
_bcolour illustrations ;
_c29 cm
336 _2rdacontent
_atext
337 _2rdamedia
_aunmediated
338 _2rdacarrier
_avolume
490 1 _aSiri aktiviti semasa
650 1 0 _aBahasa Malaysia - Readers
830 0 _aSiri aktiviti semasa
942 _ddc
_cB
999 _c124193
_d124193